| 000 | 00698nam a2200217Ia 4500 | ||
|---|---|---|---|
| 003 | GCL | ||
| 008 | 140319s9999 xx 000 0 ara d | ||
| 040 |
_aGCL / _cGCL |
||
| 082 | 0 | 4 |
_a340.56 _bم م |
| 100 | 1 | _aمحمد حسام محمود لطفى | |
| 245 | 1 | 0 |
_aملف قضايا حرية الراى والتعبير فى مصر / _cمحمد حسام محمود لطفى |
| 260 |
_a[S.N] : _bل. ماسنيون ، _c1993 |
||
| 300 | _a153 | ||
| 490 |
_aTWELVE FAMOUS STORIES FROM WORLD HISTORY _v0 |
||
| 650 | 0 | 4 | _aمصر |
| 650 | 0 | 4 | _aالقانون المدنى |
| 650 | 0 | 4 | _aالحقوق المدنية |
| 650 | 0 | 4 | _aحرية الراى |
| 650 | 0 | 4 | _aالرقابة |
| 942 |
_2ddc _cBK |
||
| 999 |
_c33178 _d33178 |
||